000 01329cam a2200385 i 4500
999 _c527547
_d527547
001 19249348
003 NUST
005 20190730072618.0
008 160825s2016 at 001 0 eng
010 _a 2016952400
020 _a9781337093347
038 _aNUST
040 _aDLC
_beng
_erda
_cDLC
_dDLC
050 0 0 _aTA405
_b.G44 2018
082 0 0 _a620.112
_223
_bMEL
100 _aBeer , Ferdinand P. & E. Russell Johnston , Jr & John T. DeWolf
_918865
245 0 0 _aMechanics of materials \
250 _aNinth Edition /
_bBarry J. Goodno, James M. Gere.
264 1 _aAustralia :
_bCengage Learning,
_c[2018]
300 _axxiv, 1159 pages ;
_c27 cm
336 _atext
_btxt
_2rdacontent
337 _aunmediated
_bn
_2rdamedia
338 _avolume
_bnc
_2rdacarrier
500 _aIncludes index.
650 0 _aMaterials
_vTextbooks.
_918866
650 0 _aMechanics, Applied
_vTextbooks.
_918867
650 0 _aStrength of materials
_vTextbooks.
_918868
650 0 _aMaterials
_vProblems, exercises, etc.
_918869
650 0 _aStrength of materials
_vProblems, exercises, etc.
_918870
700 1 _aGoodno, Barry J.,
_eauthor.
_918871
700 1 _aGere, James M.,
_eauthor.
_92985
906 _a7
_bcbc
_corignew
_d2
_eepcn
_f20
_gy-gencatlg
942 _2ddc
_cBK